书目信息 |
| 题名: |
房屋建筑工程制图与识图速成手册
|
|
| 作者: | 岳晨曦 主编 | |
| 分册: | ||
| 出版信息: | 北京 中国水利水电出版社 2002.08 |
|
| 页数: | 150页 | |
| 开本: | 26*40cm | |
| 丛书名: | ||
| 单 册: | ||
| 中图分类: | TU204-62 | |
| 科图分类: | ||
| 主题词: | 建筑设计 | |
| 电子资源: | ||
| ISBN: | 7-5084-0565-X | |
| 000 | 00622nam0 2200193 45 | |
| 001 | 0356053881 | |
| 005 | 2003022615341366 | |
| 010 | @a7-5084-0565-X@dRMB 36.00 | |
| 100 | @a20030226d2002 km y0chiy0120 ea | |
| 101 | 0 | @achi |
| 200 | 1 | @a房屋建筑工程制图与识图速成手册@Afang wu jian zhu gong cheng zhi tu yu shi tu su cheng shou ce@f岳晨曦主编@Fyue chen xi zhu bian |
| 210 | @a北京@c中国水利水电出版社@d2002.08 | |
| 215 | @a150页@d26*40cm | |
| 300 | @a建筑工人实用操作技能手册系列 | |
| 606 | 0 | @a建筑设计 |
| 690 | @aTU204-62@v3 | |
| 701 | 0 | @a岳晨曦@Ayue chen xi@4主编 |
| 801 | 0 | @aCN@bPFT@c20030226 |
| 905 | @dTU204-62@eY948 | |
| 房屋建筑工程制图与识图速成手册/岳晨曦主编.-北京:中国水利水电出版社,2002.08 |
| 150页;26*40cm |
| 建筑工人实用操作技能手册系列 |
| ISBN 7-5084-0565-X:RMB 36.00 |
| ● |
| 相关链接 |
|
|
|
正题名:房屋建筑工程制图与识图速成手册
索取号:TU204-62/Y948
 
预约/预借
| 序号 | 登录号 | 条形码 | 馆藏地/架位号 | 状态 | 备注 |
| 1 | 364638 | 203646386 | 自科二线404/404自科库 24排1列1层/ [索取号:TU204-62/Y948] | 在馆 | |
| 2 | 364639 | 203646395 | 建筑库101/ [索取号:TU204-62/Y948] | 在馆 | |
| 3 | 364640 | 203646402 | 期刊室512/101建筑库 110排6列5层/ [索取号:TU204-62/Y948] | 在馆 |